Física re-creativa (Registro nro. 5043)

Detalles MARC
000 -LEADER
fixed length control field 01056 a2200241 4500
001 - CONTROL NUMBER
control field 52995
005 - DATE AND TIME OF LATEST TRANSACTION
control field 20260407155804.0
008 - FIXED-LENGTH DATA ELEMENTS--GENERAL INFORMATION
fixed length control field 260407a2001 arg spa d
003 - CONTROL NUMBER IDENTIFIER
control field AR-UNSa-BCEJYS
040 ## - CATALOGING SOURCE
Original cataloging agency AR-UNSa-BCEJYS
Language of cataloging spa
Transcribing agency AR-UNSa-BCEJYS
080 ## - UNIVERSAL DECIMAL CLASSIFICATION NUMBER
Universal Decimal Classification number 530
Common auxiliary subdivision Física
020 ## - INTERNATIONAL STANDARD BOOK NUMBER
International Standard Book Number 987-9460-18-9
041 ## - LANGUAGE CODE
Language code of text/sound track or separate title spa
100 1# - MAIN ENTRY--PERSONAL NAME
Personal name Gil, Salvador
245 10 - TITLE STATEMENT
Title Física re-creativa
Name of part/section of a work Experimentos de física usando nuevas tecnologías
264 #1 - PRODUCTION, PUBLICATION, DISTRIBUTION, MANUFACTURE, AND COPYRIGHT NOTICE
Place of production, publication, distribution, manufacture Buenos Aires :
Name of producer, publisher, distributor, manufacturer Pearson Educación
Date of production, publication, distribution, manufacture, or copyright notice 2001
300 ## - PHYSICAL DESCRIPTION
Extent xxii, 355 p.
Dimensions 27 cm.
505 ## - FORMATTED CONTENTS NOTE
Formatted contents note Módulo I: Modelos basicos de metrologia y teoria de errores; Módulo II: Experimentos de mecánica; Módulo III: Experimentos de electricidad y magnetismo; Módulos IV: Experimentos de ondas y ópticas; Módulos V: Experimentos de termometría y termodinámica; VI: Experimentos de física moderna<br/>
590 ## - LOCAL NOTE (RLIN)
Local note niveau_biblio:m niveau_hierar:0
700 1# - ADDED ENTRY--PERSONAL NAME
Personal name Rodríguez, Eduardo
856 41 - ELECTRONIC LOCATION AND ACCESS
Uniform Resource Identifier <a href="https://www.biblioeco.unsa.edu.ar/pmb/images/libros/L128392.jpg">https://www.biblioeco.unsa.edu.ar/pmb/images/libros/L128392.jpg</a>
Link text Imagen de portada
Electronic format type image/jpeg
942 ## - ADDED ENTRY ELEMENTS (KOHA)
Koha item type
Existencias
Withdrawn status Lost status Damaged status Not for loan Home library Current library Shelving location Date acquired Total checkouts Full call number Barcode Date last seen Price effective from Koha item type
        Biblioteca Prof. Eusebio Cleto del Rey Biblioteca Prof. Eusebio Cleto del Rey   07/04/2026   530 G463 L128392 07/04/2026 07/04/2026 Libro